| 000 | 00399nam a2200157Ia 4500 | ||
|---|---|---|---|
| 008 | 210716s2003 xx 000 0 und d | ||
| 020 | _a8178530724 | ||
| 041 | _aeng | ||
| 082 | _a005.276 SCED | ||
| 100 | _aSceppa, David. | ||
| 245 | _aMicrosoft ado .net. | ||
| 250 | _a1 | ||
| 260 |
_aBangalore _bWP Publishers & Distributors (P) Ltd _c2003 |
||
| 300 | _axxi,704 | ||
| 650 | _aComputer Networks | ||
| 999 |
_c186054 _d186054 |
||